| 000 | 00678nam a2200241Ia 4500 | ||
|---|---|---|---|
| 003 | OSt | ||
| 005 | 20221006163910.0 | ||
| 006 | a|||||r|||| 00| 0 | ||
| 007 | ta | ||
| 008 | 221006b |||||||| |||| 00| 0 hin d | ||
| 024 | _a5,188 | ||
| 037 | _cTextual | ||
| 040 |
_aFML _cFML _bhin |
||
| 041 |
_2hin _ahin |
||
| 082 | _aNR44, 5, Q2 | ||
| 100 |
_aSharma Lokesh Au. _9676146 |
||
| 245 | 0 | _aMadhur Geetanjali | |
| 260 |
_aDelhi _bKanishka Publishers and Distributors India _c2012 |
||
| 300 |
_a95 _ccm. |
||
| 700 |
_a Kumar Dharmendra Au. _9676147 |
||
| 942 |
_hNR44, 5, Q2 _cTEXL _2CC |
||
| 999 |
_c1115670 _d1115670 |
||